[Event "Kieler Open 2015 Gruppe A"]
[Site "Kiel"]
[Date "2015.07.27"]
[Round "5.2"]
[White "Voloshin, Leonid"]
[Black "Stopa, Jacek"]
[Result "0-1"]
[WhiteElo "2417"]
[BlackElo "2541"]
[PlyCount "93"]
[EventDate "2015.??.??"]
[WhiteTeam "Jicin"]
[BlackTeam "Polen"]
[BlackTeamCountry "POL"]

1. e4 g6 2. d4 Bg7 3. c4 d6 4. Nc3 Nf6 5. f4 O-O 6. Nf3 Bg4 7. Be2 Nfd7 8. O-O
Bxf3 9. Bxf3 e5 10. dxe5 dxe5 11. f5 Nc6 12. Kh1 Nd4 13. g4 h6 14. Bg2 c6 15.
Be3 g5 16. Rc1 Qb6 17. b3 Rfd8 18. Qe1 Bf8 19. Qf2 Nf6 20. h3 Rd7 21. Ne2 Bc5
22. Nxd4 Bxd4 23. Bxd4 Rxd4 24. Rfe1 Rad8 25. Re2 Qc5 26. Rce1 a5 27. Bf3 Qe7
28. Kg2 Nd7 29. Rd2 Nc5 30. Rxd4 Rxd4 31. Qc2 Qd6 32. Re2 Nd3 33. Kh2 Nf4 34.
Rf2 Rd3 35. Qb2 Qd4 36. Bg2 Qe3 37. Rf3 Rd2 38. Rxe3 Rxb2 39. Rg3 Rxa2 40. Kh1
Rxg2 41. Rxg2 Nxg2 42. Kxg2 b5 43. Kf2 bxc4 44. bxc4 a4 45. Ke2 a3 46. Kd2 a2
47. Kc2 0-1

[Event "Kieler Open 2015 Gruppe A"]
[Site "Kiel"]
[Date "2015.07.27"]
[Round "5.3"]
[White "Ernst, Thomas"]
[Black "Dgebuadze, Alexandre"]
[Result "0-1"]
[WhiteElo "2349"]
[BlackElo "2490"]
[PlyCount "73"]
[EventDate "2015.??.??"]
[WhiteTeam "Farsta SK"]
[BlackTeam "SC 1950 Remagen"]

1. e4 e6 2. d4 d5 3. Nc3 Bb4 4. e5 Ne7 5. a3 Bxc3+ 6. bxc3 c5 7. Qg4 O-O 8. Bd3
Nbc6 9. Bg5 Qc7 10. Nf3 Ng6 11. O-O Qa5 12. Bd2 c4 13. Be2 f6 14. Qh5 Bd7 15.
Rfe1 Rf7 16. Bf1 Raf8 17. g3 Nce7 18. Bh3 h6 19. Bg4 fxe5 20. Nxe5 Nxe5 21.
Qxe5 Nc6 22. Qe3 Rxf2 23. Bxe6+ Bxe6 24. Qxe6+ Kh7 25. Re2 Rxe2 26. Qxe2 Qc7
27. Bf4 Qf7 28. Re1 Qf5 29. h4 Rf6 30. Kg2 b5 31. Be5 Rf7 32. Bd6 Qg6 33. Be5
a6 34. Qd2 Ne7 35. Qe2 Nf5 36. Kh3 h5 37. Kh2 {fehlende Notation} 0-1

[Event "Kieler Open 2015 Gruppe A"]
[Site "Kiel"]
[Date "2015.07.27"]
[Round "5.5"]
[White "Jahncke, Giso"]
[Black "Haffner, Alexander"]
[Result "1-0"]
[WhiteElo "2308"]
[BlackElo "2136"]
[PlyCount "107"]
[EventDate "2015.??.??"]
[WhiteTeam "Preetzer TSV"]
[BlackTeam "SK Doppelbauer Kiel"]

1. d4 Nf6 2. c4 g6 3. Nc3 Bg7 4. e4 d6 5. f3 O-O 6. Nge2 a6 7. Be3 Nc6 8. Qd2
Rb8 9. Rc1 Re8 10. b3 e5 11. d5 Ne7 12. c5 Bd7 13. b4 Rf8 14. a4 Nc8 15. Rb1
Nh5 16. Nc1 f5 17. b5 axb5 18. Bxb5 dxc5 19. Bxd7 Qxd7 20. Nd3 Nd6 21. Nxc5 Qe8
22. Qa2 Kh8 23. O-O Nf4 24. g3 Nh3+ 25. Kg2 f4 26. Bd2 Ng5 27. g4 Qe7 28. h4 b6
29. Nd3 Ngxe4 30. Nxe4 Nxe4 31. fxe4 Qxh4 32. Kf3 Qg3+ 33. Ke2 f3+ 34. Kd1 f2
35. Kc2 Rf3 36. Qc4 Rf7 37. g5 Qg4 38. Rbd1 Qd7 39. Bc3 Rbf8 40. Rd2 h5 41.
gxh6 Bxh6 42. Rdxf2 Rxf2+ 43. Rxf2 Rxf2+ 44. Nxf2 Bg7 45. Nd3 Qe7 46. Qc6 Kh7
47. Kb3 Qh4 48. Qxc7 Qxe4 49. Qc4 Qf3 50. d6 Qd1+ 51. Ka3 g5 52. d7 Bf8+ 53.
Ka2 Qc2+ 54. Nb2 1-0

[Event "Kieler Open 2015 Gruppe A"]
[Site "Kiel"]
[Date "2015.07.27"]
[Round "5.6"]
[White "Friedel, Marcus"]
[Black "Plüg, Andreas"]
[Result "1/2-1/2"]
[WhiteElo "2121"]
[BlackElo "2295"]
[PlyCount "54"]
[EventDate "2015.??.??"]
[WhiteTeam "SK Ettlingen"]
[BlackTeam "Preetzer TSV"]

1. e4 d6 2. d4 Nf6 3. Nc3 g6 4. f4 Bg7 5. Nf3 O-O 6. Bd3 c5 7. d5 e6 8. O-O
exd5 9. exd5 a6 10. a4 Qc7 11. Bc4 Nbd7 12. h3 Re8 13. Re1 Rxe1+ 14. Qxe1 Nb6
15. Nd2 Bf5 16. Qd1 Qe7 17. a5 Ng4 18. Qe2 Bd4+ 19. Kh1 Nf2+ 20. Kh2 Ng4+ 21.
Kh1 Nf2+ 22. Kh2 Qd7 23. axb6 Re8 24. Qf1 Bxh3 25. Nf3 Ng4+ 26. Kh1 Nf2+ 27.
Kh2 Ng4+ 1/2-1/2

[Event "Kieler Open 2015 Gruppe A"]
[Site "Kiel"]
[Date "2015.07.27"]
[Round "5.7"]
[White "Krause, Jonah"]
[Black "Horn, Peter"]
[Result "1-0"]
[WhiteElo "2259"]
[BlackElo "2110"]
[PlyCount "51"]
[EventDate "2015.??.??"]
[WhiteTeam "SV Bargteheide"]
[BlackTeam "SCC Palame"]

1. d4 e6 2. c4 f5 3. Nf3 Nf6 4. g3 d5 5. Bg2 c6 6. O-O Bd6 7. Qc2 O-O 8. Nc3
Qe7 9. Bg5 h6 10. Bf4 Bxf4 11. gxf4 Ne4 12. Ne5 Qf6 13. Nxe4 fxe4 14. e3 Nd7
15. f3 exf3 16. Nxf3 Qf5 17. Qe2 Qh5 18. Qc2 g5 19. fxg5 hxg5 20. h3 Kg7 21.
Qf2 Kh6 22. Qg3 Rg8 23. Nh2 Rg7 24. Ng4+ Kh7 25. Rf2 Qg6 26. e4 1-0

[Event "Kieler Open 2015 Gruppe A"]
[Site "Kiel"]
[Date "2015.07.27"]
[Round "5.8"]
[White "Johansson, Thomas"]
[Black "Magnussen, Helge"]
[Result "1-0"]
[WhiteElo "2203"]
[BlackElo "2054"]
[PlyCount "115"]
[EventDate "2015.??.??"]
[WhiteTeam "UASS Uppsala"]
[BlackTeam "Elmshorner SC"]

1. d4 Nf6 2. c4 c5 3. d5 e6 4. Nc3 exd5 5. cxd5 d6 6. Nf3 g6 7. Bf4 a6 8. a4
Bg7 9. h3 O-O 10. e3 Qc7 11. Be2 Nbd7 12. O-O Re8 13. Nd2 Ne5 14. Bh2 Rb8 15.
Qc2 g5 16. Bxe5 Rxe5 17. Nf3 Bf5 18. Bd3 Bxd3 19. Qxd3 c4 20. Qc2 Re7 21. a5 h6
22. Nd4 Qc5 23. Nf5 Re5 24. Rfd1 Rbe8 25. Rd4 Nxd5 26. Nxd5 Rxd5 27. Rxc4 Qb5
28. Nxg7 Kxg7 29. Qc3+ Kg6 30. b4 Rd2 31. Qxd2 Qxc4 32. Qxd6+ Re6 33. Qd2 Rc6
34. Rd1 b5 35. Qd4 f6 36. g4 h5 37. Kg2 hxg4 38. hxg4 Re6 39. Kf3 Qc6+ 40. Qd5
Rd6 41. Qxc6 Rxc6 42. Ke4 Rc2 43. f3 Rc3 44. Rd4 Rb3 45. f4 gxf4 46. exf4 Rc3
47. Rd6 Rc4+ 48. Rd4 Rc3 49. Kd5 Rc1 50. Re4 Rc2 51. Re6 Rc4 52. g5 Rxf4 53.
Rxf6+ Rxf6 54. gxf6 Kxf6 55. Kc6 Ke6 56. Kb6 Kd5 57. Kxa6 Kc4 58. Kb6 1-0

[Event "Kieler Open 2015 Gruppe A"]
[Site "Kiel"]
[Date "2015.07.27"]
[Round "5.9"]
[White "Bracker, Arne"]
[Black "Pick, Stefan"]
[Result "0-1"]
[WhiteElo "2256"]
[BlackElo "2101"]
[PlyCount "126"]
[EventDate "2015.??.??"]
[WhiteTeam "Hamburger SK"]
[BlackTeam "SK Kerpen"]

1. d4 c5 2. d5 e5 3. e4 d6 4. Nc3 a6 5. a4 Be7 6. f4 Nd7 7. Nf3 Ngf6 8. fxe5
Nxe5 9. Nxe5 dxe5 10. Be2 O-O 11. O-O Qd6 12. Qe1 Ne8 13. Qg3 g6 14. Nd1 f5 15.
exf5 Rxf5 16. Rxf5 Bxf5 17. Ne3 Qf6 18. Bd2 Nd6 19. Ng4 Bxg4 20. Qxg4 Qf5 21.
Rf1 Qxg4 22. Bxg4 Kg7 23. Be3 Nc4 24. Bc1 b5 25. Be6 Bf6 26. b3 Nd6 27. Be3 c4
28. a5 Nf5 29. Bb6 Nd4 30. bxc4 bxc4 31. Bg4 h5 32. Bd7 Be7 33. Ba4 Bd6 34. g3
Nb5 35. Kg2 Re8 36. Rb1 e4 37. Bxb5 axb5 38. Rxb5 e3 39. a6 e2 40. Bf2 e1=Q 41.
Bxe1 Rxe1 42. Ra5 Re8 43. a7 Ra8 44. Kf3 h4 45. gxh4 Bxh2 46. Ke4 Bg1 47. d6
Rxa7 48. Rg5 Bf2 49. h5 Bh4 50. Rxg6+ Kf7 51. Rg4 Bf6 52. Kd5 c3 53. h6 Ra5+
54. Kc6 Rh5 55. d7 Rxh6 56. Rf4 Rh8 57. Kc7 Ke6 58. Re4+ Be5+ 59. Kc6 Rd8 60.
Rxe5+ Kxe5 61. Kc7 Rh8 62. d8=Q Rxd8 63. Kxd8 Kd4 0-1

[Event "Kieler Open 2015 Gruppe A"]
[Site "Kiel"]
[Date "2015.07.27"]
[Round "5.10"]
[White "Homuth, Manfred"]
[Black "Junge, Ralph"]
[Result "1/2-1/2"]
[WhiteElo "2142"]
[BlackElo "2214"]
[PlyCount "45"]
[EventDate "2015.??.??"]
[WhiteTeam "Eckernförder SC"]
[BlackTeam "SG Turm Kiel"]

1. e4 g6 2. d4 Bg7 3. Nc3 a6 4. Be3 d6 5. Qd2 Nd7 6. f3 b5 7. a4 b4 8. Nd1 c5
9. c3 bxc3 10. bxc3 Rb8 11. Bd3 cxd4 12. cxd4 Nc5 13. Bc2 Nb3 14. Bxb3 Rxb3 15.
Ne2 e6 16. O-O Ne7 17. Ndc3 O-O 18. Rab1 Rxb1 19. Rxb1 d5 20. Bh6 Qc7 21. Bxg7
Kxg7 22. Qb2 Rd8 23. Qb6 1/2-1/2

[Event "Kieler Open 2015 Gruppe A"]
[Site "Kiel"]
[Date "2015.07.27"]
[Round "5.11"]
[White "Roth, Thorsten"]
[Black "Lindborg, Petter"]
[Result "0-1"]
[WhiteElo "2083"]
[BlackElo "2197"]
[PlyCount "54"]
[EventDate "2015.??.??"]
[WhiteTeam "Hannover/vereinslos"]
[BlackTeam "Solna SchackSälsskap"]

1. d4 e6 2. c4 f5 3. g3 Nf6 4. Bg2 c6 5. Nf3 d5 6. O-O Bd6 7. b3 Qe7 8. Nbd2 b6
9. Ne5 Bb7 10. Bb2 O-O 11. Rc1 a5 12. f3 Nbd7 13. Nxd7 Qxd7 14. e4 fxe4 15.
fxe4 e5 16. cxd5 Rae8 17. dxe5 Bxe5 18. Bxe5 Rxe5 19. Nc4 Ree8 20. d6 Ba6 21.
e5 Bxc4 22. Rxc4 Rxe5 23. Bxc6 Qe6 24. Rd4 Rd8 25. Bg2 Re2 26. Bd5 Nxd5 27.
Rxd5 Qe3+ 0-1

[Event "Kieler Open 2015 Gruppe A"]
[Site "Kiel"]
[Date "2015.07.27"]
[Round "5.12"]
[White "Niering, Martin"]
[Black "Raddatz, Michael"]
[Result "1/2-1/2"]
[WhiteElo "2178"]
[BlackElo "2011"]
[PlyCount "114"]
[EventDate "2015.??.??"]
[WhiteTeam "SV Magdeburg"]
[BlackTeam "Niendorfer TSV"]

1. e4 c5 2. Nc3 e6 3. Nf3 a6 4. d4 cxd4 5. Nxd4 b5 6. Bd3 Bb7 7. O-O Nc6 8. Be3
Nf6 9. Qe2 Qc7 10. a3 Be7 11. h3 O-O 12. Nf3 Rac8 13. a4 b4 14. Nb1 Ne5 15.
Nbd2 Nxd3 16. cxd3 d5 17. e5 Nd7 18. Bd4 Bc5 19. Nb3 Bxd4 20. Nbxd4 a5 21. Qe3
Qb6 22. Rfc1 Ba6 23. Nb5 Qxe3 24. fxe3 Nc5 25. Nd6 Nb3 26. Nxc8 Bxc8 27. Rab1
Nxc1 28. Rxc1 Bd7 29. Rc5 Ra8 30. b3 Kf8 31. Kf2 Ke7 32. Ke2 Ra6 33. g4 f6 34.
d4 Ra7 35. h4 Be8 36. Ne1 Bg6 37. Ng2 Bb1 38. Kd2 Be4 39. Nf4 Bf3 40. exf6+
gxf6 41. g5 fxg5 42. hxg5 Be4 43. Nd3 Bxd3 44. Kxd3 Kf7 45. e4 dxe4+ 46. Kxe4
Ke7 47. Ke5 Kd7 48. Rb5 Rc7 49. Rxa5 Rc3 50. Ra7+ Kc6 51. Kxe6 Re3+ 52. Kf6
Rxb3 53. Rxh7 Rf3+ 54. Kg7 Ra3 55. Rh1 Rxa4 56. Rb1 Kd5 57. Rd1 b3 1/2-1/2

[Event "Kieler Open 2015 Gruppe A"]
[Site "Kiel"]
[Date "2015.07.27"]
[Round "5.13"]
[White "Keller, Harald"]
[Black "Schnitzer, Peter"]
[Result "0-1"]
[WhiteElo "2041"]
[BlackElo "2178"]
[PlyCount "164"]
[EventDate "2015.??.??"]
[WhiteTeam "SV Rottweil"]
[BlackTeam "SC Kreuzberg"]

1. e4 c5 2. Nc3 d6 3. d3 g6 4. g3 Bg7 5. Bg2 Nc6 6. f4 e6 7. Nf3 Nge7 8. O-O
O-O 9. Be3 Nd4 10. Rb1 Bd7 11. Ne2 Nxe2+ 12. Qxe2 Bc6 13. Nh4 f5 14. e5 Bxg2
15. Nxg2 b6 16. exd6 Qxd6 17. Bd2 Nc6 18. Bc3 Nd4 19. Bxd4 Bxd4+ 20. Kh1 Rfe8
21. Qf3 Rad8 22. Ne1 Re7 23. Qg2 Rde8 24. Nf3 Bf6 25. Rfe1 e5 26. fxe5 Bxe5 27.
Kg1 Bxb2 28. Rxe7 Bd4+ 29. Kf1 Rxe7 30. Nxd4 Qxd4 31. Re1 Rxe1+ 32. Kxe1 Qa1+
33. Kd2 Qxa2 34. Qa8+ Kg7 35. Qb7+ Qf7 36. Qb8 g5 37. Qe5+ Kg6 38. Qd6+ Qf6 39.
Qb8 a5 40. Qe8+ Kh6 41. h3 f4 42. g4 Kg7 43. Qd7+ Kf8 44. Qc8+ Kf7 45. Qd7+ Qe7
46. Qd5+ Kg7 47. Qc6 Qd8 48. c4 Qf6 49. Qd7+ Kh6 50. Qe8 f3 51. Ke1 Kg7 52.
Qd7+ Kf8 53. Qc8+ Kf7 54. Kf2 Qd4+ 55. Kxf3 Qxd3+ 56. Kf2 Qd2+ 57. Kg1 Qe3+ 58.
Kg2 Qe2+ 59. Kg3 Qe6 60. Qd8 Qe5+ 61. Kg2 Qe4+ 62. Kg3 Qf4+ 63. Kg2 Qe4+ 64.
Kg3 Qxc4 65. Qxb6 a4 66. Qc7+ Ke6 67. Qxh7 Qc3+ 68. Kg2 a3 69. Qf5+ Kd6 70.
Qf8+ Kc6 71. Qc8+ Kb5 72. Qb7+ Kc4 73. Qa6+ Kb3 74. Qe6+ Kb2 75. Qb6+ Kc1 76.
Qe6 Qd2+ 77. Kg3 Qc3+ 78. Kg2 c4 79. Qa6 Qc2+ 80. Kg3 a2 81. h4 Qc3+ 82. Kg2
a1=Q 0-1

[Event "Kieler Open 2015 Gruppe A"]
[Site "Kiel"]
[Date "2015.07.27"]
[Round "5.14"]
[White "Schäfer, Martin"]
[Black "Hoffmann, Hendrik"]
[Result "0-1"]
[WhiteElo "1978"]
[BlackElo "2159"]
[PlyCount "42"]
[EventDate "2015.??.??"]
[WhiteTeam "Kieler SG"]
[BlackTeam "SG Leipzig"]

1. e4 d6 2. f4 d5 3. e5 c5 4. Nf3 Nc6 5. Be2 Bg4 6. O-O e6 7. c3 Qc7 8. d3
O-O-O 9. Be3 f6 10. d4 Nh6 11. dxc5 Nf5 12. Bf2 Bxf3 13. Bxf3 fxe5 14. fxe5
Nxe5 15. b4 h5 16. Qe2 g5 17. Bd4 Bg7 18. Qd2 g4 19. Be2 Bh6 20. Bxe5 Qxe5 21.
Qd3 Be3+ 0-1

[Event "Kieler Open 2015 Gruppe A"]
[Site "Kiel"]
[Date "2015.07.27"]
[Round "5.15"]
[White "Voelzke, Ferdinand"]
[Black "Weber, Benedikt"]
[Result "1/2-1/2"]
[WhiteElo "2149"]
[BlackElo "2009"]
[PlyCount "30"]
[EventDate "2015.??.??"]
[WhiteTeam "SG Turm Kiel"]
[BlackTeam "Reideburger SV"]

1. Nf3 Nf6 2. g3 e6 3. Bg2 d5 4. O-O Be7 5. c4 O-O 6. b3 b6 7. Bb2 Bb7 8. e3
Nbd7 9. d4 c5 10. Nc3 dxc4 11. bxc4 cxd4 12. exd4 Rc8 13. Qb3 Qc7 14. Nb5 Qxc4
15. Nxa7 Qxb3 1/2-1/2

[Event "Kieler Open 2015 Gruppe A"]
[Site "Kiel"]
[Date "2015.07.27"]
[Round "5.16"]
[White "Koop, Sören"]
[Black "Buchholz, Sebastian"]
[Result "1/2-1/2"]
[WhiteElo "2070"]
[BlackElo "2143"]
[PlyCount "40"]
[EventDate "2015.??.??"]
[WhiteTeam "SC Wrist-Kellinghusen"]
[BlackTeam "SK Doppelbauer Kiel"]

1. e4 c5 2. Nf3 g6 3. d4 cxd4 4. Nxd4 Bg7 5. Nc3 Nc6 6. Be3 Nf6 7. Bc4 Qa5 8.
O-O Qb4 9. Qe2 O-O 10. Nb3 Qd6 11. Rad1 Qb8 12. f4 d6 13. h3 a6 14. Bb6 Nd7 15.
Bf2 b5 16. Bd5 Bb7 17. Nd4 Nxd4 18. Bxd4 Bxd4+ 19. Rxd4 Qa7 20. Qf2 Bxd5
1/2-1/2

[Event "Kieler Open 2015 Gruppe A"]
[Site "Kiel"]
[Date "2015.07.27"]
[Round "5.17"]
[White "Petri, Alexander"]
[Black "Wanner, Lukas"]
[Result "1/2-1/2"]
[WhiteElo "2167"]
[BlackElo "1944"]
[PlyCount "39"]
[EventDate "2015.??.??"]
[WhiteTeam "SK Doppelbauer Kiel"]
[BlackTeam "SK Doppelbauer Kiel"]

1. d4 d5 2. Nf3 Nf6 3. c4 dxc4 4. Qa4+ Nbd7 5. g3 a6 6. Qxc4 b5 7. Qc6 Ra7 8.
Nbd2 Bb7 9. Qc2 e6 10. Bg2 c5 11. O-O cxd4 12. Nxd4 Bxg2 13. Kxg2 Rc7 14. Qd1
Be7 15. N2f3 e5 16. Nb3 O-O 17. Bd2 Qa8 18. Kg1 Rfc8 19. Ba5 Rc4 20. Nbd2
1/2-1/2

[Event "Kieler Open 2015 Gruppe A"]
[Site "Kiel"]
[Date "2015.07.27"]
[Round "5.18"]
[White "Saglam, Bülent"]
[Black "Janse, Alexander"]
[Result "1-0"]
[WhiteElo "2102"]
[BlackElo "1936"]
[PlyCount "63"]
[EventDate "2015.??.??"]
[WhiteTeam "SK Doppelbauer Kiel"]
[BlackTeam "Klim-op Rotterdam"]

1. e4 c5 2. Nf3 e6 3. d4 cxd4 4. Nxd4 a6 5. Be2 Nf6 6. Bf3 Qc7 7. Qe2 d6 8. g4
h6 9. h4 Nfd7 10. Bg2 Nc6 11. Be3 Nxd4 12. Bxd4 e5 13. Be3 b5 14. Nc3 Bb7 15.
O-O-O b4 16. Nd5 Bxd5 17. Rxd5 Nb6 18. Bxb6 Qxb6 19. f4 exf4 20. Rh3 Be7 21. e5
O-O 22. e6 fxe6 23. Qxe6+ Kh8 24. Be4 Bf6 25. Rxd6 Qg1+ 26. Rd1 Bxb2+ 27. Kxb2
Qxd1 28. Qg6 Qd4+ 29. Kb3 Kg8 30. Rd3 Qf6 31. Qh7+ Kf7 32. Bd5+ 1-0

[Event "Kieler Open 2015 Gruppe A"]
[Site "Kiel"]
[Date "2015.07.27"]
[Round "5.19"]
[White "Boyens, Birger"]
[Black "Sieweck, Philipp"]
[Result "0-1"]
[WhiteElo "1969"]
[BlackElo "2076"]
[PlyCount "96"]
[EventDate "2015.??.??"]
[WhiteTeam "Husumer SV"]
[BlackTeam "SG Turm Kiel"]

1. e4 c6 2. Nf3 d5 3. Nc3 e6 4. d4 Nf6 5. e5 Nfd7 6. Bg5 Qb6 7. Qd2 c5 8. Na4
Qc6 9. Qa5 b6 10. Qb5 a6 11. Qxc6 Nxc6 12. Be3 cxd4 13. Bxd4 Nxd4 14. Nxd4 b5
15. Nc3 Nxe5 16. f4 Nc4 17. O-O-O Bb4 18. Bxc4 bxc4 19. Na4 O-O 20. g3 Bb7 21.
c3 Be7 22. Rhe1 Rfe8 23. Re2 g6 24. Rde1 Kf8 25. g4 Bd6 26. f5 Bf4+ 27. Kc2 e5
28. Nb6 Rad8 29. fxg6 hxg6 30. Nf3 d4 31. Nxd4 exd4 32. Rxe8+ Rxe8 33. Rxe8+
Kxe8 34. cxd4 Bxh2 35. Nxc4 Bf3 36. Kc3 Bxg4 37. Kb4 Bc7 38. Kc5 Bd7 39. d5 Bb5
40. Ne3 Kd7 41. b3 Bd6+ 42. Kd4 f5 43. a4 Be2 44. Ng2 g5 45. Ne3 f4 46. Nf5 f3
47. Ke3 g4 48. Kf2 g3+ 0-1

[Event "Kieler Open 2015 Gruppe A"]
[Site "Kiel"]
[Date "2015.07.27"]
[Round "5.20"]
[White "Rieper, Julian"]
[Black "Hilbig, Dieter"]
[Result "1-0"]
[WhiteElo "1906"]
[BlackElo "2067"]
[PlyCount "49"]
[EventDate "2015.??.??"]
[WhiteTeam "SK Doppelbauer Kiel"]
[BlackTeam "ESV Gera"]

1. e4 c5 2. Nf3 Nc6 3. d4 cxd4 4. Nxd4 e5 5. Nb5 d6 6. N1c3 a6 7. Na3 Be7 8.
Be3 Nf6 9. h3 O-O 10. Qf3 Be6 11. Rd1 Qa5 12. Nc4 Bxc4 13. Bxc4 Rad8 14. O-O b5
15. Bb3 Rd7 16. g4 Qd8 17. a4 b4 18. Nd5 Nxd5 19. Bxd5 Qc7 20. Rd2 Nd8 21. g5
Kh8 22. Qg4 Qc8 23. f4 Rc7 24. f5 f6 25. g6 1-0

[Event "Kieler Open 2015 Gruppe A"]
[Site "Kiel"]
[Date "2015.07.27"]
[Round "5.21"]
[White "Quiring, Nikolai"]
[Black "Janse, Sebastian"]
[Result "0-1"]
[WhiteElo "2060"]
[BlackElo "1686"]
[PlyCount "80"]
[EventDate "2015.??.??"]
[WhiteTeam "SV VHS Rendsburg"]
[BlackTeam "Klim-op Rotterdam"]

1. d4 d5 2. c4 e6 3. Nc3 Nf6 4. cxd5 exd5 5. Bg5 Be7 6. Qc2 c6 7. e3 O-O 8. Bd3
Nbd7 9. Nge2 Re8 10. h3 b6 11. O-O Bb7 12. Ng3 h6 13. Bf4 Rc8 14. Nf5 Nf8 15.
Rad1 Ne6 16. Nxe7+ Qxe7 17. Bh2 Ng5 18. Be5 Nd7 19. Bg3 Nf6 20. Be5 Nd7 21. Bf4
Ne6 22. Bh2 Nf6 23. f3 c5 24. Bb5 Red8 25. Qe2 cxd4 26. exd4 Qf8 27. g4 Ne8 28.
Rfe1 Nd6 29. Ba6 Bxa6 30. Qxa6 Ng5 31. Kg2 Nc4 32. b3 Nb2 33. Rc1 Qb4 34. Nxd5
Qd2+ 35. Re2 Qxc1 36. Bf4 Qd1 37. Ne7+ Kh7 38. Nxc8 Rxc8 39. Bxg5 Rc2 40. Kf2
Nd3+ 0-1

[Event "Kieler Open 2015 Gruppe A"]
[Site "Kiel"]
[Date "2015.07.27"]
[Round "5.22"]
[White "Müller, Winus"]
[Black "Berenstein, Alexander"]
[Result "1-0"]
[WhiteElo "1927"]
[BlackElo "2030"]
[PlyCount "39"]
[EventDate "2015.??.??"]
[WhiteTeam "SG Plöner See"]
[BlackTeam "SV Rendsburg"]

1. d4 Nf6 2. c4 e6 3. Nf3 d5 4. e3 b6 5. Bd3 Bb7 6. O-O Nbd7 7. Nc3 Ne4 8. cxd5
exd5 9. Nd2 f5 10. f3 Nd6 11. e4 dxe4 12. fxe4 fxe4 13. Ndxe4 Nxe4 14. Nxe4 Qe7
15. Bg5 Qb4 16. Qf3 Qxd4+ 17. Kh1 Bd5 18. Rae1 Ne5 19. Qf5 Nxd3 20. Nd6# 1-0

[Event "Kieler Open 2015 Gruppe A"]
[Site "Kiel"]
[Date "2015.07.27"]
[Round "5.23"]
[White "Pluska, Alexander"]
[Black "Thesing, Ansgar"]
[Result "1-0"]
[WhiteElo "2030"]
[BlackElo "1916"]
[PlyCount "120"]
[EventDate "2015.??.??"]
[WhiteTeam "SK Doppelbauer Kiel"]
[BlackTeam "SC Kreuzberg"]

1. d4 Nf6 2. c4 d6 3. Nc3 g6 4. e4 Bg7 5. h3 O-O 6. Bg5 h6 7. Be3 e5 8. Nf3 Nc6
9. d5 Ne7 10. Be2 Nd7 11. g4 a5 12. Qd2 Kh7 13. O-O-O b6 14. Nh2 Nc5 15. g5 Ng8
16. Rdg1 Qe8 17. Rg3 hxg5 18. Nf3 Bh6 19. h4 g4 20. Ng5+ Kg7 21. Bxg4 Bxg4 22.
Rxg4 Qd7 23. Rhg1 Rfe8 24. h5 Bxg5 25. Bxg5 Ne7 26. Bxe7 Qxe7 27. hxg6 f6 28.
Rh4 Rh8 29. Rgh1 Rxh4 30. Rxh4 Rh8 31. Rxh8 Kxh8 32. Qh6+ Kg8 33. f3 Nd3+ 34.
Kb1 Qg7 35. Qxg7+ Kxg7 36. Nb5 Ne1 37. Nxc7 Nxf3 38. Ne8+ Kxg6 39. Nxd6 Kg5 40.
Kc2 Kf4 41. Kd3 Ne1+ 42. Ke2 Nc2 43. Kd2 Nb4 44. a3 Na6 45. b3 Nc5 46. b4 axb4
47. axb4 Nd7 48. Kd3 Kf3 49. Nf5 Kf4 50. Ne3 Kf3 51. Nf1 Kg2 52. Nd2 Kf2 53.
Nb3 Kf3 54. c5 bxc5 55. Nxc5 Nb6 56. d6 f5 57. d7 fxe4+ 58. Kc2 Nxd7 59. Nxd7
e3 60. Nxe5+ Ke4 1-0

[Event "Kieler Open 2015 Gruppe A"]
[Site "Kiel"]
[Date "2015.07.27"]
[Round "5.24"]
[White "Werner, René"]
[Black "Neumann, Frank"]
[Result "0-1"]
[WhiteElo "1885"]
[BlackElo "2027"]
[PlyCount "75"]
[EventDate "2015.??.??"]
[WhiteTeam "Kieler SG"]
[BlackTeam "SC Agon Neumünster"]

1. d4 g6 2. c4 Bg7 3. Nf3 d6 4. Nc3 Nd7 5. g3 e5 6. dxe5 dxe5 7. Bg2 Ngf6 8.
Qc2 c6 9. O-O O-O 10. e4 a5 11. b3 Qc7 12. Bb2 Re8 13. Rac1 Nc5 14. Rfd1 Bg4
15. h3 Bxf3 16. Bxf3 Bh6 17. Rb1 Ne6 18. Ne2 c5 19. Bg2 Nd4 20. Nxd4 cxd4 21.
f4 Nh5 22. Qf2 Rad8 23. Rd3 Ng7 24. Rf1 Ne6 25. Kh1 exf4 26. gxf4 Bxf4 27. Bxd4
Rxd4 28. Rxd4 Nxd4 29. Qxd4 Be5 30. Qf2 Rd8 31. Qc2 Qc5 32. Rd1 Rxd1+ 33. Qxd1
Qf2 34. Qb1 h5 35. a3 Qg3 36. Qg1 Qxb3 37. Bf1 Qxa3 38. Be2 0-1

[Event "Kieler Open 2015 Gruppe A"]
[Site "Kiel"]
[Date "2015.07.27"]
[Round "5.25"]
[White "Lorenzen, Jan-Hendrik"]
[Black "Schulz, Toni"]
[Result "1-0"]
[WhiteElo "2018"]
[BlackElo "1895"]
[PlyCount "51"]
[EventDate "2015.??.??"]
[WhiteTeam "SC Agon Neumünster"]
[BlackTeam "ESV Lok Raw Cottbus"]

1. d4 Nf6 2. Nf3 c5 3. d5 d6 4. c4 e5 5. Nc3 Be7 6. e4 O-O 7. Be2 Ne8 8. h4 Nd7
9. Be3 Ndf6 10. Ng5 a6 11. a4 b6 12. g4 h6 13. Nh3 Nh7 14. Qd2 Bxh4 15. O-O-O
Bg5 16. Nxg5 Nxg5 17. Rh5 f6 18. Rdh1 Ra7 19. f4 exf4 20. Bxf4 Re7 21. Qd3 Nc7
22. e5 dxe5 23. Bxg5 fxg5 24. Ne4 Ne8 25. Nxg5 hxg5 26. Qg6 1-0

[Event "Kieler Open 2015 Gruppe A"]
[Site "Kiel"]
[Date "2015.07.27"]
[Round "5.26"]
[White "Zuse, Peter"]
[Black "Wegemund, Hubert"]
[Result "1-0"]
[WhiteElo "2256"]
[BlackElo "1873"]
[PlyCount "99"]
[EventDate "2015.??.??"]
[WhiteTeam "Klub Kölner SF"]
[BlackTeam "SK Norderstedt"]

1. e4 g6 2. d4 Bg7 3. Nc3 d6 4. Be3 Nc6 5. d5 Ne5 6. h3 c5 7. f4 Nd7 8. Nf3 a6
9. a4 Qc7 10. Be2 Ngf6 11. O-O O-O 12. Nd2 Rd8 13. Nc4 b6 14. Qd2 Rb8 15. Na3
e6 16. dxe6 fxe6 17. Bc4 Nf8 18. f5 Kh8 19. fxe6 Nxe6 20. Rad1 Nd4 21. Rxf6
Bxf6 22. Nd5 Qg7 23. Bh6 Nf3+ 24. gxf3 Bd4+ 25. Kg2 Qd7 26. Rh1 b5 27. axb5
axb5 28. c3 Bg7 29. Bxg7+ Kxg7 30. Be2 Rf8 31. Nc2 Bb7 32. Nce3 Rbe8 33. b4 h5
34. Qb2 c4 35. Qd2 Kh7 36. Qd4 Qg7 37. Qxg7+ Kxg7 38. Nc7 Re5 39. Ra1 Bc6 40.
Ra6 Bxe4 41. fxe4 Rxe4 42. Ncd5 Re5 43. Bf3 Rg5+ 44. Kf2 h4 45. Ra7+ Kh8 46.
Ke2 Rg1 47. Ng4 Re8+ 48. Kf2 Rb1 49. Be4 Rxe4 50. Ngf6 1-0

[Event "Kieler Open 2015 Gruppe A"]
[Site "Kiel"]
[Date "2015.07.27"]
[Round "5.27"]
[White "Rosenburg, Hauke"]
[Black "Lippmann, Kai"]
[Result "1/2-1/2"]
[WhiteElo "1862"]
[BlackElo "1971"]
[PlyCount "110"]
[EventDate "2015.??.??"]
[WhiteTeam "SF Burg"]
[BlackTeam "Raisdorfer SG"]

1. c4 f5 2. d4 Nf6 3. Nf3 e6 4. Bf4 d6 5. Nc3 Be7 6. g3 O-O 7. Bg2 c6 8. O-O d5
9. c5 Nbd7 10. b4 Ne4 11. Qc2 g5 12. Be5 g4 13. Ne1 Nxe5 14. dxe5 Ng5 15. f4
Nf7 16. Nd3 Bd7 17. e3 Kh8 18. Kf2 Be8 19. Ne2 h5 20. Rfb1 Nh6 21. Nd4 Bd7 22.
a4 Qc7 23. Bf1 Rfb8 24. b5 cxb5 25. axb5 Nf7 26. c6 Bc8 27. Rxa7 Qb6 28. c7
Qxa7 29. b6 Qa2 30. Rb2 Qc4 31. cxb8=Q Rxb8 32. Qxc4 dxc4 33. Ne1 c3 34. Rb3
Bd8 35. Ne2 c2 36. Nxc2 Bd7 37. Ncd4 Rc8 38. Bg2 Rb8 39. Nc1 h4 40. Nd3 h3 41.
Nc5 hxg2 42. Nxd7 Ra8 43. Kxg2 Ra2+ 44. Kg1 Ra1+ 45. Kf2 Ra2+ 46. Ne2 Be7 47.
Rc3 Nd8 48. Rc7 Kg8 49. Nc5 Bxc5 50. Rxc5 Nc6 51. Rb5 Kf7 52. Ke1 Ke7 53. Kf1
Ra1+ 54. Kf2 Ra2 55. Rb1 Na5 1/2-1/2

[Event "Kieler Open 2015 Gruppe A"]
[Site "Kiel"]
[Date "2015.07.27"]
[Round "5.28"]
[White "Kiep, Fabian"]
[Black "Zimmermann, Manfred"]
[Result "1/2-1/2"]
[WhiteElo "1703"]
[BlackElo "1957"]
[PlyCount "89"]
[EventDate "2015.??.??"]
[WhiteTeam "SC Agon Neumünster"]
[BlackTeam "Kieler SG"]

1. e4 c5 2. c3 e6 3. d4 cxd4 4. cxd4 d5 5. e5 Bd7 6. Nf3 Ne7 7. Bd3 a6 8. a3
Bb5 9. g4 Nbc6 10. Be3 Qb6 11. b4 Bxd3 12. Qxd3 Qd8 13. Nbd2 Nc8 14. O-O Be7
15. b5 Na5 16. Rfb1 O-O 17. a4 Nb6 18. Nb3 Nxb3 19. Qxb3 a5 20. Bc1 Nc4 21. Nd2
Rc8 22. Nxc4 Rxc4 23. Be3 Qd7 24. Rc1 Rd8 25. Rxc4 dxc4 26. Qc2 Qd5 27. h3 c3
28. Kh2 Qf3 29. Rg1 Bh4 30. Rc1 Be7 31. Rb1 Bb4 32. Rd1 Re8 33. Rf1 f6 34. exf6
Bd6+ 35. Kg1 Qxh3 36. f3 gxf6 37. Rf2 Ra8 38. Bc1 Rc8 39. Qd3 f5 40. d5 Bc5 41.
dxe6 Kg7 42. Qxf5 Qg3+ 43. Kh1 Qh3+ 44. Kg1 Qg3+ 45. Kh1 1/2-1/2